000 00313nam a2200133Ia 4500
008 240624s9999 xx 000 0 und d
041 _aeng
082 _a344.01 TAX
100 _aTAXMANN
245 _aLABOUR LAWS
260 _c2006
_aNew Delhi
_bTaxmann
300 _aI-31, : 626 : p. : cm. ; 24
365 _cRS
_b20
999 _c5665
_d5665